书目信息 |
| 题名: |
化工数据
|
|
| 作者: | 马沛生, 著 | |
| 分册: | ||
| 出版信息: | 北京 中国石化出版社 2003.07 |
|
| 页数: | 417页 | |
| 开本: | 26cm | |
| 丛书名: | ||
| 单 册: | ||
| 中图分类: | TQ015 | |
| 科图分类: | ||
| 主题词: | 化学工业--数据 | |
| 电子资源: | ||
| ISBN: | 7-80164-349-6 | |
| 000 | 00757nam0 2200229 450 | |
| 001 | 0115454554 | |
| 005 | 20051014105556.97 | |
| 010 | @a7-80164-349-6@dCNY58.00 | |
| 100 | @a20050912d2003 km y0chiy0120 ea | |
| 101 | 0 | @achi |
| 102 | @aCN@b110000 | |
| 105 | @ay a 000yy | |
| 200 | 1 | @a化工数据@AHua Gong Shu Ju@f马沛生著@Fma pei sheng zhu |
| 210 | @a北京@c中国石化出版社@d2003.07 | |
| 215 | @a417页@d26cm | |
| 320 | @a有书目。 | |
| 330 | @a本书内容包括各项化工数据的定义、测定、收集及整理、评审、关联、估算,并选择了几十项与化工有关的物性数据,选择的标准是它们在化工计算和设计中的重要性。 | |
| 606 | @a化学工业@x数据 | |
| 690 | @aTQ015@v4 | |
| 701 | 0 | @a马沛生,@Ama pei sheng,@f1935-@4著 |
| 801 | 0 | @aCN@bQSSK@c20051014 |
| 905 | @a10447@dTQ015@eM127 | |
| 化工数据/马沛生著.-北京:中国石化出版社,2003.07 |
| 417页;26cm |
| ISBN 7-80164-349-6:CNY58.00 |
| 本书内容包括各项化工数据的定义、测定、收集及整理、评审、关联、估算,并选择了几十项与化工有关的物性数据,选择的标准是它们在化工计算和设计中的重要性。 |
| ● |
| 相关链接 |
|
|
|
正题名:化工数据
索取号:TQ015/M127
 
预约/预借
| 序号 | 登录号 | 条形码 | 馆藏地/架位号 | 状态 | 备注 |
| 1 | 568787 | 205687871 | 自科库501/501自科库 137排2列6层/ [索取号:TQ015/M127] | 在馆 | |
| 2 | 568788 | 205687880 | 自科库501/501自科库 137排2列6层/ [索取号:TQ015/M127] | 在馆 |